| 000 | 03000nam a22002657a 4500 | ||
|---|---|---|---|
| 005 | 20240305165501.0 | ||
| 007 | cr|||| |||| | ||
| 008 | 180314s2013 es |||||s|||| 00||0 spa d | ||
| 020 | _a978-84-91233-84-8 | ||
| 035 | _a21063 | ||
| 040 | _avLex | ||
| 090 |
_c7477 _d7477 |
||
| 100 | 1 | _aGarcía Vidal, Ángel | |
| 245 | 1 | 2 |
_aLa promoción de medicamentos dirigida a profesionales sanitarios _h[Recurso electrónico] : _bEstudio desde la perspectiva del derecho mercantil / _cÁngel García Vidal |
| 256 | _aServicio en línea | ||
| 260 |
_aMadrid: _bMarcial Pons, _c2013 |
||
| 300 | _a1 recurso electrónico | ||
| 500 | _aLa promoción de los medicamentos por parte de los laboratorios farmacéuticos tiene como destinatarios principales a los profesionales que pueden prescribirlos y dispensarlos. Esta actividad promocional ha dado lugar a una amplia y compleja normativa reguladora tanto en el ámbito de la Unión Europea como en los ordenamientos de los Estados miembros, además de a un extenso conjunto de disposiciones de autorregulación aprobadas por la propia industria farmacéutica. La presente obra tiene por objeto el estudio de toda esta normativa, en relación con los medicamentos de uso humano, y desde el punto de vista del Derecho mercantil. Tras identificar la normativa publicitaria especial en materia de promoción de medicamentos, se examina el ámbito de aplicación de esta normativa, para lo cual se delimitan los conceptos de medicamento y de publicidad, así como la figura de los profesionales sanitarios facultados para prescribir y dispensar medicamentos. Acto seguido, se analiza con detenimiento la prohibición de hacer publicidad de medicamentos que no hayan obtenido la autorización de comercialización, las consecuencias del principio de objetividad y la prohibición de publicidad engañosa. Posteriormente, se examina la obligación de incluir información sobre los fármacos promocionados, el uso de informes y estudios científicos en la publicidad, la publicidad por medio de visitadores y la prohibición de promocionar medicamentos por medio de incentivos, primas y ventajas. En el estudio de todos estos problemas de innegable trascendencia práctica el autor realiza un exhaustivo análisis de la jurisprudencia comunitaria, nacional y comparada, así como de las resoluciones del Jurado de Autocontrol. | ||
| 506 | 1 |
_aDisponible solo en los productos indicados _dvLex Global _dvLex Global (Academic Edition, excluding Law Schools) _dvLex Global (U.S. Academic Edition, Law Schools) _dvLex Global (U.S. Academic Edition, excluding Law Schools) _dvLex Global (Academic Edition, Law Schools) |
|
| 650 | 0 | 4 |
_aDerecho Mercantil y de la Empresa _zEspaña |
| 650 | 0 | 4 |
_aDerecho Público y Administrativo _zEspaña |
| 740 | 0 | _avLex Libros (Servicio en línea) | |
| 856 | 4 | 0 | _uhttps://app.vlex.com/#/sources/promocion-de-medicamentos-dirigida-a-profesionales-sanitarios-estudio-desde-la-perspectiva-del-derecho-mercantil-21063 |
| 942 | _cRAA | ||
| 999 |
_c165715 _d165715 |
||